01518cam a2200361 a 4500999001700000001000800017003000900025005001700034008004100051020001800092040004300110082002000153245024900173250002800422250002300450264006500473300004500538336002600583337002800609338002700637504005100664650002100715650003600736650002600772653002500798655002400823700003500847700004400882700003100926906004500957942001201002952014201014 c28710d286813315499EG-ScBUE20200913102847.0841127r20122009ii a f b 001 0 eng d a9788123916798 aDNLM/DLCbengerdacDLCdDLCdEG-ScBUE04a615.19bTHE22204aThe Theory and practice of industrial pharmacy /c[edited by] Leon Lachman, Ph.D., Lachman Consultant Services, Inc., Westbury, New York, Herbert A. Lieberman, Ph.D., H.H. Lieberman Associates, Inc., Consultant Services, Livingston, New Jersey. aSpecial Indian edition. aReprinted edition. 1aNew Delhi :bCBS Publishers & Distributors PVT. LTD.,c2012. axii, 902 pages ;billustrations ;c27 cm 2rdacontentatextbtxt 2rdamediaaunmediatedbn 2rdacarrieravolumebnc aIncludes bibliographical references and index. 7aPharmacy.2BUEsh 7aPharmaceutical industry.2BUEsh 7aDrug Industry.2BUEsh bPPhrmcSeptember2020 vReading book9342321 aLachman, Leon,d1929-eeditor.1 aLiebermann, Herbert A.,d1920-eeditor.1 aKanig, Joseph L.,eeditor. a7bcbccorignewd1eocipf19gy-gencatlg 2ddccBB 00102ddc40708BaccahaMAINbMAINc1STd2020-09-13ePurchasel2o615.19 THEp000049662r2025-07-15 00:00:00s2023-11-09w2020-09-13yBB